Ark survival evolved scorched earth creature - Statistics

General Stats
  • This quiz has been taken 70 times
  • The average score is 19 of 64
Answer Stats
Answer % Correct
Jerboa
70%
Fire wyvern
68%
Morellatops
66%
Poison wyvern
62%
Rex
62%
Manticore
60%
Phoenix
60%
Raptor
60%
Lightning wyvern
58%
Deathworm
56%
Mantis
56%
Rock elemental
56%
Jug bug
52%
Argentavis
50%
Thorny dragon
50%
Direwolf
46%
Lymantria
46%
Kaprosuchus
42%
Sabertooth
38%
Vulture
38%
Araneo
34%
Carnotaurus
34%
Parasaur
34%
Titanoboa
34%
Arthropluera
32%
Pulmonoscorpius
32%
Yutyrannus
32%
Thylacoleo
30%
Alpha fire wyvern
28%
Ankylosaurus
28%
Alpha deathworm
26%
Doedicurus
26%
Achatina
24%
Moschops
24%
Titanosaur
24%
Microraptor
22%
Onyc
22%
Terror bird
22%
Procoptodon
20%
Troodon
20%
Paraceratherium
18%
Lystrosaurus
16%
Megalania
16%
Megatherium
16%
Equus
14%
Gallimimus
14%
Iguanodon
14%
Ovis
14%
Rubble golem
14%
Daedon
12%
Dung beetle
12%
Kentrosaurus
12%
Megalosaurus
12%
Purlovia
12%
Tapejara
12%
Archaeopteryx
10%
Coelacanth
10%
Tek rex
10%
Titanomyrma
10%
Giant bee
8%
Hyenadon
8%
Tek raptor
8%
Pegomastax
6%
Tek parasaur
4%
No matching quizzes found
Score Distribution
Percent of People with Each Score
Percentile by Number Answered
Your Score History
You have not taken this quiz